Most Iconic Villains - Statistics

General Stats
  • This quiz has been taken 76 times
  • The average score is 10 of 16
Answer Stats
Picture Answer % Correct
Darth Vader
98%
Joker
95%
Loki
92%
Two-Face
86%
Bane
84%
Hannibal Lecter
81%
Gollum
79%
Agent Smith
60%
Sauron
60%
Saruman
49%
Vito Corleone
46%
Ra's al Ghul
44%
Tyler Durden
41%
Vincent Vega
17%
Witch-King of Angmar
11%
Warden Norton
6%
No matching quizzes found
Score Distribution
Percent of People with Each Score
Percentile by Number Answered
Your Score History
You have not taken this quiz